000 00908nam a22003017a 4500
003 CHAP
005 20220329135832.0
008 971013s r 00010 d
010 _a43023
011 _a43995
035 _a48133
040 _cCHAP
090 _aFolleto 7409
110 _aMéxico. Dirección General para el Desarrollo Agroindustrial
_977057
245 _aMermelada
_b: elaboración
260 _a(s.l. :
_bs.e.),
_c(s.a.)
300 _as.p.
490 _aProcesos agroindustriales
_v; 28
500 _aHoja desplegable
590 _aBATCH-UPD
_b10
_c20130110
_lUCH01
_h2247
590 _aCONVERSION
_b10
_c20130109
_lUCH01
_h1324
650 1 4 _aMermelada.
_975010
830 0 _aProcesos agroindustriales
_v; 28
_991824
901 _aBK
942 _cFOLL
949 _aFolleto 7409
_bBC
_cFOLL
_d-109204
_eLIBRO
_i48133
_si
949 _aFolleto 7409
_bBC
_cFOLL
_d-109205
_eTS2
_fc.2
_i48133
_si
999 _c43023
_d43023